000 00746nam a2200253Ia 4500
003 OSt
005 20220923223003.0
006 a|||||r|||| 00| 0
007 ta
008 220922b |||||||| |||| 00| 0 hin d
024 _a209,662
037 _cTextual
040 _aARTS
_cARTS
_bhin
041 _2hin
_ahin
082 _aO152,3N425x, M1
100 _aदूबे, केशव
245 0 _aअच्छे दिन
246 _aAchchhe dina
260 _aदिल्ली
_b अंकुर प्रका0
_c1981
300 _a130पृ.
_ccm.
650 _aहिन्दी साहित्य
_9156264
942 _hO152,3N425x, M1
_cTEXL
_2CC
999 _c360211
_d360211